000 00371nam a2200145Ia 4500
008 230711s9999||||xx |||||||||||||| ||und||
041 _aENG
082 _a624
_bST-S
100 _aStreetman,Ben.G
245 0 _aSolid state electronic device
250 _a3rd
260 _c1991
_aNew Delhi
_bPHI Learning Private Limited
650 _aElectronics Engineering
942 _cBK
999 _c2279
_d2279